| 000 | 02315nam a2200385 c 4500 | ||
|---|---|---|---|
| 001 | 59463 | ||
| 003 | CO-BoRNBP | ||
| 005 | 20251015212827.0 | ||
| 007 | ta | ||
| 008 | 250129s2024 ck a|||br||| 000 0jdspa d | ||
| 020 | _a9789588846910 | ||
| 040 |
_aCO-BoRNBP _bspa _erda _cCO-BoRNBP |
||
| 041 | 0 | _aspa | |
| 043 | _as-ck--- | ||
| 084 | _aC | ||
| 100 |
_aVasco, Irene _d1952- _eaut _91899 |
||
| 245 | 1 | 3 |
_aLa joven maestra y la gran serpiente / _cIrene Vasco ; ilustrador Juan Palomino. |
| 250 | _aEdición especial | ||
| 264 | 1 |
_aBogotá, Colombia : _bAlianza, _c2024 |
|
| 300 |
_a32 páginas sin numerar : _bilustraciones a color |
||
| 336 |
_atexto _btxt _2rdacontenido |
||
| 337 |
_asin mediación _bn _2rdamedio |
||
| 338 |
_avolumen _bnc _2rdasoporte |
||
| 520 | _aLa joven maestra fue destinada a una escuela en la selva amazónica, y allí llegó cargada con sus libros. A sus alumnos lo que más les gustaba era que les leyera cuentos. Luego se los llevaban a sus casas, y las madres y abuelas, aunque no sabían leer, miraban esos libros con curiosidad. Los habitantes de los pueblos de la selva solían contar muchas leyendas, pero en aquel entonces la joven maestra creía que eran solo eso: leyendas. Acostumbrada a la ciudad y a los libros, la joven maestra tendrá un choque cultural al encontrarse con una realidad diferente. Pero pronto se dará cuenta que ella no es la única que tiene cosas que enseñar. Este libro es un homenaje a las maestras latinoamericanas, que todo lo dejan por perseguir el sueño de la educación, pero también a las leyendas de los pueblos más remotos, que sus gentes han transmitido a través de generaciones preservando así su riqueza cultural y sabiduría popular. | ||
| 521 | _aRecomendado para un público infantil a partir de los 6 años | ||
| 545 | _aIncluye datos biográficos de la autora y del ilustrador | ||
| 650 | 0 | 4 |
_aCuentos infantiles colombianos _ySiglo XXI _2LEMB _9965 |
| 650 | 0 | 7 |
_aCultura popular _2lemb _913878 |
| 650 | 0 | 7 |
_aMaestros en la literatura _2lemb _960742 |
| 650 | 0 | 7 |
_aTradición oral en la literatura _2lemb _960480 |
| 650 | 0 | 4 |
_aLiteratura infantil colombiana _ySiglo XXI _2LEMB _9966 |
| 700 | 1 |
_aPalomino, Juan, _d1984- _eill _962382 |
|
| 830 | _aPlan Nacional de lectura y escritura leer es mi cuento | ||
| 942 |
_2loc _cBKLITI |
||
| 999 |
_c59463 _d59463 |
||